000 00771nam a22002777a 4500
001 6027
003 FISKH
005 20250224093139.0
008 250224b cb ||||| |||| 00| 0 eng d
020 _a9780545060943
040 _aFISKH
_beng
_cFISKH
_dFISKH
050 _aPZ7
082 _a612
100 _aJameson, Ruby J.
245 _aThe amazing human body /
_cRuby J. Jameson
260 _aNew York ;
_bScholastic,
_c2008.
300 _a16 pages :
_bcolor illustrations ;
_c23 cm
490 _aScience vocabulary readers
505 _aL
520 _aLearn all about the amazing human body.
521 8 _a510
_bLexile estimate
521 8 _aL
_bRaz-Plus
650 _aBody
_vHealth
_xHuman Body
942 _2ddc
_cBK
_n0
999 _c6027
_d6027